| 000 | 00921nam a22001817a 4500 | ||
|---|---|---|---|
| 003 | JO-AjAnu | ||
| 005 | 20241023092411.0 | ||
| 008 | 241022b jo ||||| |||| 00| 0 ara d | ||
| 040 | _cJO-AjAnu | ||
| 041 | _hARA | ||
| 100 |
_aالعنزي، حمود حداد سليمان _eمعد _966422 |
||
| 245 |
_aدرجة استخدام اعضاء هيئة التدريس في كلية المعلمين بمنطقة الرياض للحاسوب والانترنت في ممارساتهم التعليمية = The Extent of Computer and Internet use in Instructional Practices by College Teachers in Riyadh Teachers' College _c / اعداد حمود حداد سليمان العنزي ؛ اشراف اكرم محمود العمري |
||
| 260 | _c2006 | ||
| 300 | _a88 ورقة | ||
| 650 | _vالتعليم-الحاسوب والانترنت | ||
| 700 |
_aاكرم محمود العمري _eمشرف _966426 |
||
| 942 |
_2lcc _cTHS _n0 |
||
| 999 |
_c33835 _d33835 |
||